| 000 | 00478nam a2200205Ia 4500 | ||
|---|---|---|---|
| 003 | 0100 | ||
| 008 | 130227s9999 xx 000 0 und d | ||
| 040 | _cARRUPELIB | ||
| 050 | _aJC578.R38M187 2010 | ||
| 100 | _aMaffettone, Sebastiano | ||
| 245 | _aRawls | ||
| 245 | _bAn Introduction | ||
| 260 | _aCambridge | ||
| 260 | _bPolity Press | ||
| 260 | _C2010 | ||
| 300 | _axii | ||
| 300 | _b 388p. :23cm. | ||
| 650 | _bChristian life - Catholic authors | ||
| 942 |
_2lcc _01 |
||
| 999 |
_c6578 _d6578 |
||